| 000 | 00949nam a22002297a 4500 | ||
|---|---|---|---|
| 999 |
_c11768 _d11768 |
||
| 003 | AR-CdUCM | ||
| 008 | 190405b ||||| |||| 00| 0 spa d | ||
| 040 |
_aMUNICIPALIDAD PROVINCIAL DEL CUSCO _cBIBLIOTECA MUNICIPAL DEL CUSCO |
||
| 082 |
_a335.4 / _bA27 / 1932 |
||
| 100 |
_aAftalion V., Alberto _929289 |
||
| 245 | _aVersión sintética del estudio critico sobre los fundamentos del socialismo / | ||
| 260 |
_aChile : _bEditorial nueva época, _c1932. |
||
| 300 |
_a116 página ; _c19 cm. |
||
| 440 |
_aColección hombres e ideas filosofía - política - biografía _929290 |
||
| 505 | _aContenido: La teoría de la explotación del trabajador -- La teoría de la explotación -- Demostración positiva de la legitimidad en si de los ingresos capitalistas... | ||
| 650 |
_aSocialismo _91037 |
||
| 650 |
_aCapitalismo _93221 |
||
| 650 |
_aProletariado _94333 |
||
| 700 |
_aBascuñan V., Anibal _929291 |
||
| 942 |
_2ddc _cLIBROS |
||
| 945 | _adavv | ||